000 00538 a2200169 4500
005 20250625132148.0
020 _a0-07-244350-2
082 _aLM 620.103 BEE
100 _aBEER, F. P.
245 _aProblems Supplement to Accompany Vector Mechanics for Engineers: Statistics
250 _a6th Ed.
260 _aBoston,
_bMcGraw Hill,
_c2001.
300 _a96p.: ill.
_c26cm.
700 _aJOHNSTON, E. R.
856 _yAccess Book Online
_fProblems Supplement to Accompany Vectors Mechanics for Engineers
_dwww.mhhe.com
942 _2ddc
_cBKS
999 _c2019
_d2019